[Event "XXVI Festival Conca della Presolana A"]
[Site "Bratto - Castione della Presolana ITA"]
[Date "2006.08.26"]
[Round "8"]
[White "Sardo, Gabriele"]
[Black "Campomori, Bruno"]
[Result "1-0"]
[WhiteElo "2190"]
[BlackElo "2025"]
[PlyCount "87"]
[EventDate "2006.08.19"]

1. e4 c5 2. Nf3 Nc6 3. Nc3 e6 4. d4 cxd4 5. Nxd4 a6 6. Be3 Qc7 7. Be2 Nf6 8.
O-O b5 9. Nxc6 dxc6 10. f4 Bb7 11. e5 Nd5 12. Nxd5 exd5 13. c3 Be7 14. b4 a5
15. a3 O-O 16. Bd4 f5 17. exf6 Bxf6 18. g3 a4 19. Bd3 Qf7 20. Qc2 h6 21. Rae1
Bxd4+ 22. cxd4 Qf6 23. Re5 Rad8 24. Rfe1 Bc8 25. Qe2 Rd6 26. Kg2 Bd7 27. h4 g6
28. Qc2 Kg7 29. Kh2 Rf7 30. Qe2 Bc8 31. Kh1 Bd7 32. h5 Bf5 33. Bxf5 gxf5 34.
Qh2 Kh7 35. Qh3 Rd8 36. Re6 Qxd4 37. Rxc6 Rg8 38. Ree6 Qd1+ 39. Kh2 Qd2+ 40.
Qg2 Qxg2+ 41. Kxg2 Rd8 42. Rxh6+ Kg7 43. Rcg6+ Kf8 44. Rh8+ 1-0

[Event "XXVI Festival Conca della Presolana A"]
[Site "Bratto - Castione della Presolana ITA"]
[Date "2006.08.26"]
[Round "8"]
[White "Sautto, Daniele"]
[Black "Vezzosi, Paolo"]
[Result "1/2-1/2"]
[WhiteElo "2152"]
[BlackElo "2356"]
[PlyCount "64"]
[EventDate "2006.08.19"]

1. e4 c5 2. c3 Nf6 3. e5 Nd5 4. d4 cxd4 5. Nf3 e6 6. cxd4 d6 7. Bc4 Nc6 8. Qe2
Be7 9. O-O O-O 10. Rd1 Na5 11. b3 Nxc4 12. bxc4 Nc7 13. exd6 Bxd6 14. Bg5 Be7
15. Bxe7 Qxe7 16. Nc3 Rd8 17. Ne5 f6 18. Nf3 Qf7 19. d5 exd5 20. cxd5 Bg4 21.
Rd4 Bxf3 22. Qxf3 Rd6 23. Rad1 Rad8 24. a4 h6 25. Qd3 b6 26. h3 R8d7 27. Qc4
Rd8 28. Nb5 Rxd5 29. Rxd5 Rxd5 30. Rxd5 Nxd5 31. Nxa7 Qxa7 32. Qxd5+ Kf8
1/2-1/2

[Event "XXVI Festival Conca della Presolana A"]
[Site "Bratto - Castione della Presolana ITA"]
[Date "2006.08.26"]
[Round "8"]
[White "Sbarra, Marco"]
[Black "Bellia, Fabrizio"]
[Result "0-1"]
[WhiteElo "2290"]
[BlackElo "2392"]
[PlyCount "132"]
[EventDate "2006.08.19"]

1. c4 e5 2. Nc3 Nf6 3. Nf3 Nc6 4. d4 exd4 5. Nxd4 Bb4 6. Bg5 h6 7. Bh4 Bxc3+ 8.
bxc3 Ne5 9. f4 Ng6 10. Bxf6 Qxf6 11. g3 O-O 12. Bg2 d6 13. O-O c6 14. Rb1 a6
15. Qd3 Re8 16. e4 Nf8 17. Rfd1 a5 18. Nf5 Bxf5 19. exf5 Rab8 20. Kf2 Nh7 21.
Qxd6 Qxc3 22. Bxc6 Nf6 23. Bf3 Qxc4 24. Rb2 b5 25. Qd4 Qc7 26. Qd6 Qc3 27. Qd4
Qa3 28. Rd3 Qe7 29. Re3 Qc7 30. Rc3 Qe7 31. Re3 Qf8 32. Re5 Red8 33. Qc5 Rd6
34. Qa7 Qd8 35. Re7 Rd2+ 36. Rxd2 Qxd2+ 37. Re2 Qd8 38. Re7 Rc8 39. Re2 b4 40.
Kg2 Rc3 41. Qa8 Qxa8 42. Bxa8 a4 43. Be4 Kf8 44. Bc2 Ra3 45. Bb1 Nd5 46. Re4 b3
47. axb3 Nc3 48. Rxa4 Nxb1 49. g4 Ke7 50. h4 Kd6 51. Rd4+ Ke7 52. Re4+ Kf8 53.
Rb4 Ra7 54. g5 h5 55. Rb8+ Ke7 56. Rg8 Ra5 57. Rxg7 Rxf5 58. g6 Kf8 59. Rxf7+
Rxf7 60. gxf7 Kxf7 61. b4 Nc3 62. Kf2 Ke6 63. Ke1 Nd5 64. b5 Nxf4 65. b6 Kd6
66. Kf2 Ng6 0-1

[Event "XXVI Festival Conca della Presolana A"]
[Site "Bratto - Castione della Presolana ITA"]
[Date "2006.08.26"]
[Round "8"]
[White "Vancini, Edoardo"]
[Black "Bresciani, Nicola"]
[Result "1-0"]
[WhiteElo "2250"]
[BlackElo "2290"]
[PlyCount "81"]
[EventDate "2006.08.19"]

1. d4 Nf6 2. Bg5 e6 3. e4 h6 4. Bxf6 Qxf6 5. c3 d6 6. Bd3 Nd7 7. Ne2 e5 8. O-O
g6 9. f4 Qe7 10. fxe5 dxe5 11. Bc4 f6 12. Qe1 Nb6 13. Bb3 Bd7 14. Qg3 O-O-O 15.
Qxg6 f5 16. exf5 exd4 17. Nxd4 Qe3+ 18. Kh1 Bd6 19. a4 Qe5 20. Qh5 c5 21. a5
Nd5 22. Nf3 Qe2 23. Re1 Qxb2 24. Nbd2 Nf4 25. Qf7 Qxc3 26. Ne4 Qb2 27. Nxd6+
Kb8 28. Ra2 Qc3 29. Qc4 Qxc4 30. Bxc4 Rdf8 31. Rb2 Bc6 32. Nxb7 Ka8 33. a6 Rxf5
34. Na5 Bd5 35. Bxd5+ Rxd5 36. Reb1 Rd6 37. Ne5 Rxa6 38. Nec6 Rb6 39. Rxb6 axb6
40. Rxb6 Re8 41. Ra6# 1-0

[Event "XXVI Festival Conca della Presolana A"]
[Site "Bratto - Castione della Presolana ITA"]
[Date "2006.08.26"]
[Round "8"]
[White "Vinzoni, Andrea"]
[Black "Pulvirenti, Gianni"]
[Result "0-1"]
[WhiteElo "2116"]
[BlackElo "1970"]
[PlyCount "66"]
[EventDate "2006.08.19"]

1. d4 g6 2. c4 Bg7 3. Nc3 d6 4. e4 Nf6 5. Nf3 O-O 6. Be2 Nc6 7. d5 Nb8 8. O-O
e5 9. Bg5 Nbd7 10. b4 h6 11. Bh4 g5 12. Bg3 Nh5 13. Nd2 Nf4 14. f3 f5 15. exf5
Nf6 16. Nde4 Bxf5 17. Re1 Rf7 18. Bf1 Bf8 19. Bf2 Rg7 20. c5 g4 21. Bh4 Be7 22.
Ng3 Bc8 23. cxd6 cxd6 24. Bxf6 Bxf6 25. Nce4 gxf3 26. Qxf3 Bg4 27. Qe3 Bh4 28.
Rec1 Kh8 29. Rc2 Bg5 30. Nxg5 Qxg5 31. Ne4 Qg6 32. Rac1 Bf5 33. Rc4 b5 0-1

[Event "XXVI Festival Conca della Presolana A"]
[Site "Bratto - Castione della Presolana ITA"]
[Date "2006.08.26"]
[Round "8"]
[White "Vivo, Mario"]
[Black "Burani, Eugenio"]
[Result "1/2-1/2"]
[WhiteElo "2165"]
[BlackElo "2034"]
[PlyCount "72"]
[EventDate "2006.08.19"]

1. g3 c5 2. Bg2 g6 3. Nf3 Bg7 4. d4 cxd4 5. Nxd4 Nf6 6. O-O O-O 7. c4 a6 8. Nc3
Nc6 9. h3 Nxd4 10. Qxd4 d6 11. Qd3 Rb8 12. Bd2 Be6 13. Rac1 Qd7 14. Kh2 Rfc8
15. b3 Qd8 16. a4 Nd7 17. e4 Nc5 18. Qc2 Bd7 19. a5 Bc6 20. Nd5 Nd7 21. Ne3 Nf6
22. b4 b6 23. axb6 Qxb6 24. Qd3 Qb7 25. Nd5 Qd7 26. Ra1 Nxd5 27. exd5 Bb7 28.
Rac1 h5 29. c5 dxc5 30. bxc5 Qb5 31. Qxb5 axb5 32. c6 Ba8 33. Rb1 Be5 34. Ba5
Bd6 35. Rfc1 b4 36. f4 36... b3 {...} 1/2-1/2

[Event "XXVI Festival Conca della Presolana A"]
[Site "Bratto - Castione della Presolana ITA"]
[Date "2006.08.26"]
[Round "8"]
[White "Voltolini, Giuseppe"]
[Black "Temi, Walter"]
[Result "0-1"]
[WhiteElo "2216"]
[BlackElo "2105"]
[PlyCount "58"]
[EventDate "2006.08.19"]

1. e4 c5 2. Nf3 a6 3. c3 d5 4. exd5 Qxd5 5. d4 Nf6 6. Be2 e6 7. O-O Nc6 8. Bg5
cxd4 9. cxd4 Be7 10. Nc3 Qd6 11. Rc1 O-O 12. Qd2 Nd5 13. Rfd1 Rd8 14. Ne4 Qb4
15. Qc2 h6 16. a3 Qb6 17. Bxe7 Ncxe7 18. Ne5 Bd7 19. Qd2 Ba4 20. b3 Be8 21. Nc5
Rac8 22. Bd3 Nc6 23. Nxc6 Rxc6 24. Be4 Rc7 25. Qe2 Qd6 26. Bd3 Nf4 27. Qe3 Nxd3
28. Rxd3 Bb5 29. Rdd1 Rxc5 0-1

[Event "XXVI Festival Conca della Presolana A"]
[Site "Bratto - Castione della Presolana ITA"]
[Date "2006.08.26"]
[Round "8"]
[White "You Zi Chih, Stefano"]
[Black "Cecchetto, Vanni"]
[Result "1-0"]
[WhiteElo "2038"]
[BlackElo "2006"]
[PlyCount "45"]
[EventDate "2006.08.19"]

1. e4 c5 2. Nf3 d6 3. d4 cxd4 4. Nxd4 Nf6 5. Nc3 a6 6. Bg5 e6 7. f4 Qc7 8. Qf3
b5 9. O-O-O Bb7 10. Bd3 Be7 11. Rhe1 Nc6 12. Nb3 O-O 13. Qh3 g6 14. f5 Nb4 15.
Qh4 Nxd3+ 16. Rxd3 b4 17. Bxf6 Bxf6 18. Qxf6 bxc3 19. Rxc3 Qd7 20. Rh3 exf5 21.
exf5 Bxg2 22. Rg3 Bd5 23. Re7 1-0

[Event "XXVI Festival Conca della Presolana A"]
[Site "Bratto - Castione della Presolana ITA"]
[Date "2006.08.26"]
[Round "8"]
[White "Zoldan, Matteo"]
[Black "Paolinelli, Giacomo"]
[Result "1-0"]
[WhiteElo "2127"]
[BlackElo "2023"]
[PlyCount "79"]
[EventDate "2006.08.19"]

1. e4 e5 2. Nc3 Bc5 3. f4 d6 4. Nf3 Nf6 5. Bc4 Nc6 6. d3 Na5 7. Bb3 Nxb3 8.
axb3 a6 9. Qe2 Bg4 10. fxe5 dxe5 11. Be3 Qd6 12. O-O O-O 13. Qf2 Bxe3 14. Qxe3
c6 15. Ra5 Rae8 16. Kh1 Bxf3 17. Qxf3 Re6 18. Nd1 Ne8 19. Ne3 Qc7 20. Raa1 Nd6
21. Qg3 Qe7 22. Rf3 f6 23. Raf1 Kh8 24. Qh4 Qf7 25. Rh3 h6 26. Rff3 Qg6 27. Nf5
Nf7 28. Rhg3 Ng5 29. Rf1 Rf7 30. Qg4 Qh7 31. h4 h5 32. Qe2 Qg6 33. Qe3 Qh7 34.
hxg5 fxg5 35. Qxg5 Ref6 36. Rff3 Kg8 37. Ne7+ Kf8 38. Ng6+ Kg8 39. Nxe5 Rxf3
40. Rxf3 1-0

[Event "XXVI Festival Conca della Presolana A"]
[Site "Bratto - Castione della Presolana ITA"]
[Date "2006.08.27"]
[Round "9"]
[White "Ambrosi, Eleonora"]
[Black "Piva, Giorgio"]
[Result "0-1"]
[WhiteElo "2147"]
[BlackElo "2129"]
[PlyCount "80"]
[EventDate "2006.08.19"]

1. e4 c5 2. Nf3 d6 3. c3 Nf6 4. Be2 Bd7 5. Qc2 Qc7 6. O-O g6 7. d4 cxd4 8. Nxd4
Bg7 9. h3 O-O 10. c4 Bc6 11. Nxc6 Nxc6 12. Be3 Rac8 13. Nc3 a6 14. Rac1 Qb8 15.
f4 Rfe8 16. Qd2 b5 17. cxb5 axb5 18. Bf3 e5 19. Rfd1 Nd4 20. Qf2 b4 21. Na4
Rxc1 22. Rxc1 Nxf3+ 23. gxf3 exf4 24. Bxf4 Nh5 25. Be3 Be5 26. f4 Nxf4 27. Bxf4
Bxf4 28. Qxf4 Qa7+ 29. Kh1 Qxa4 30. Qxd6 b3 31. Qc6 Qxc6 32. Rxc6 bxa2 33. Ra6
Rxe4 34. Rxa2 Rb4 35. Kg2 Rb3 36. h4 Kg7 37. Ra4 Rxb2+ 38. Kg3 h6 39. Ra5 Rb1
40. Kf4 Rg1 0-1

[Event "XXVI Festival Conca della Presolana A"]
[Site "Bratto - Castione della Presolana ITA"]
[Date "2006.08.27"]
[Round "9"]
[White "Andreoli, Renato"]
[Black "Radice, Luca"]
[Result "1-0"]
[WhiteElo "2137"]
[BlackElo "2081"]
[PlyCount "139"]
[EventDate "2006.08.19"]

1. Nf3 d6 2. d4 f5 3. Nc3 Nf6 4. Qd3 d5 5. Bf4 c6 6. Ne5 Qa5 7. Bd2 Qb6 8.
O-O-O e6 9. g4 Nbd7 10. gxf5 exf5 11. f3 Bd6 12. Nxd7 Bxd7 13. Bh3 g6 14. e4
fxe4 15. fxe4 Nxe4 16. Nxe4 dxe4 17. Qxe4+ Kd8 18. Bxd7 Kxd7 19. Rhf1 Rhf8 20.
Qg4+ Kc7 21. Qh4 Qa6 22. Rxf8 Rxf8 23. Qxh7+ Kc8 24. Qh3+ Kc7 25. Qh7+ Kc8 26.
Qh3+ Kc7 27. a3 Qe2 28. Qh7+ Kc8 29. Re1 Qxh2 30. Qxg6 Bf4 31. Qg4+ Kd8 32.
Bxf4 Qxf4+ 33. Qxf4 Rxf4 34. c3 Rf2 35. c4 Kd7 36. Rd1 b5 37. cxb5 cxb5 38. Rd2
Rf1+ 39. Rd1 Rf2 40. Rd2 Rf1+ 41. Kc2 Kd6 42. Kc3 a5 43. Rh2 Rf3+ 44. Kc2 b4
45. axb4 axb4 46. Rh5 b3+ 47. Kd2 Rg3 48. Re5 Rg4 49. Kc3 Rg3+ 50. Kc4 Rg4 51.
Rb5 Kc6 52. Rxb3 Rh4 53. Re3 Rh2 54. b4 Rc2+ 55. Rc3 Rd2 56. Rc1 Kd6 57. Rh1
Rc2+ 58. Kb5 Kd5 59. Kb6 Kxd4 60. Rh5 Rg2 61. b5 Rg6+ 62. Ka7 Rg7+ 63. Ka6 Rg1
64. b6 Ra1+ 65. Kb7 Rc1 66. Ka8 Ra1+ 67. Kb8 Rb1 68. b7 Rb2 69. Kc7 Rc2+ 70.
Kb6 1-0

[Event "XXVI Festival Conca della Presolana A"]
[Site "Bratto - Castione della Presolana ITA"]
[Date "2006.08.27"]
[Round "9"]
[White "Andreolini, Mauro"]
[Black "Lava, Giovanni"]
[Result "1-0"]
[WhiteElo "2195"]
[BlackElo "2232"]
[PlyCount "47"]
[EventDate "2006.08.19"]

1. Nf3 Nf6 2. g3 g6 3. b3 Bg7 4. Bb2 O-O 5. Bg2 c5 6. O-O Nc6 7. c4 Qc7 8. Nc3
a6 9. d4 cxd4 10. Nxd4 d6 11. h3 Nxd4 12. Qxd4 Be6 13. e4 Rac8 14. Rad1 Qb8 15.
Rfe1 b5 16. cxb5 axb5 17. Qb4 Rc5 18. e5 Nd7 19. Nd5 Bxd5 20. Bxd5 Rfc8 21.
Bxf7+ Kf8 22. Be6 Nxe5 23. Qf4+ Bf6 24. Rxe5 1-0

[Event "XXVI Festival Conca della Presolana A"]
[Site "Bratto - Castione della Presolana ITA"]
[Date "2006.08.27"]
[Round "9"]
[White "Bellia, Fabrizio"]
[Black "Vancini, Edoardo"]
[Result "1/2-1/2"]
[WhiteElo "2392"]
[BlackElo "2250"]
[PlyCount "119"]
[EventDate "2006.08.19"]

1. e4 c5 2. Nf3 e6 3. d4 cxd4 4. Nxd4 Nc6 5. Nc3 Qc7 6. Be2 a6 7. O-O Nf6 8.
Kh1 Nxd4 9. Qxd4 Bc5 10. Qd3 b5 11. f4 Bb7 12. Bf3 h5 13. e5 Ng4 14. Bxb7 Qxb7
15. Ne4 Rc8 16. Bd2 Be7 17. a4 O-O 18. axb5 axb5 19. h3 Nh6 20. Be3 Nf5 21. Bf2
Qc6 22. c3 d6 23. exd6 Nxd6 24. Nxd6 Bxd6 25. Bd4 Qd5 26. Qg3 f6 27. Rad1 Qf5
28. Bxf6 Rxf6 29. Rxd6 Rc4 30. Kh2 b4 31. Rd8+ Kh7 32. Rd4 Rxd4 33. cxd4 Qe4
34. Qf2 Rf5 35. g3 Qd3 36. Re1 Rd5 37. Rxe6 Qxd4 38. Qxd4 Rxd4 39. Re2 h4 40.
Kg2 hxg3 41. Kxg3 Rd3+ 42. Kg4 Kg6 43. h4 Kf6 44. h5 Rb3 45. Rg2 Ke6 46. Kg5
Kf7 47. Rh2 Rg3+ 48. Kf5 Re3 49. Rc2 Rb3 50. Ke5 Re3+ 51. Kd5 Rf3 52. Rc4 Rb3
53. Rc2 Rf3 54. Ke4 Rb3 55. Rf2 Rh3 56. Kd4 Rxh5 57. Kc4 Rh4 58. Kxb4 g5 59.
Kc5 Rxf4 60. Rxf4+ 1/2-1/2

[Event "XXVI Festival Conca della Presolana A"]
[Site "Bratto - Castione della Presolana ITA"]
[Date "2006.08.27"]
[Round "9"]
[White "Bianco, Raffaele"]
[Black "D'Apa, Matteo"]
[Result "1/2-1/2"]
[WhiteElo "2069"]
[BlackElo "2020"]
[PlyCount "93"]
[EventDate "2006.08.19"]

1. e4 e5 2. Nf3 Nc6 3. Bb5 a6 4. Ba4 d6 5. O-O Bd7 6. c3 Nge7 7. d4 g6 8. Be3
Bg7 9. dxe5 dxe5 10. Qc1 O-O 11. Bh6 f5 12. Bb3+ Kh8 13. Rd1 Qe8 14. Na3 b5 15.
Bxg7+ Kxg7 16. Ng5 Rf6 17. f4 exf4 18. Qxf4 fxe4 19. Qh4 h6 20. Nxe4 Rf8 21.
Nc5 Nf5 22. Qf4 Nd6 23. Qg3 Rf5 24. Re1 Rxc5 25. Rxe8 Rxe8 26. Re1 Rg5 27. Qf2
Rf8 28. Qe3 Nf5 29. Qd2 Nd6 30. Nc2 Bh3 31. Bd5 Nc4 32. Qxg5 hxg5 33. gxh3 N4e5
34. Nd4 Nxd4 35. Rxe5 Nf3+ 36. Bxf3 Rxf3 37. Rxg5 Rd3 38. Rg2 c5 39. Re2 Kf6
40. Kg2 a5 41. Rf2+ Ke6 42. Rf3 Rd2+ 43. Rf2 Rd3 44. h4 a4 45. Rf3 Rd2+ 46. Rf2
Rd3 47. Rf3 1/2-1/2

[Event "XXVI Festival Conca della Presolana A"]
[Site "Bratto - Castione della Presolana ITA"]
[Date "2006.08.27"]
[Round "9"]
[White "Borgo, Giulio"]
[Black "Bentivegna, Francesco"]
[Result "1-0"]
[WhiteElo "2414"]
[BlackElo "2269"]
[PlyCount "89"]
[EventDate "2006.08.19"]

1. c4 e5 2. Nc3 Nf6 3. Nf3 Nc6 4. e3 Bb4 5. Qc2 Bxc3 6. Qxc3 Qe7 7. a3 d5 8. d4
exd4 9. Nxd4 Nxd4 10. Qxd4 c5 11. Qh4 g5 12. Qxg5 Rg8 13. Qf4 Rg4 14. Qf3 dxc4
15. h3 Re4 16. Bd2 Bd7 17. Qe2 O-O-O 18. g3 Bc6 19. Bg2 Rd3 20. O-O Red4 21.
Bc3 Bxg2 22. Kxg2 Rd7 23. Bxf6 Qxf6 24. Rac1 Qc6+ 25. Kg1 Qe6 26. Qh5 f5 27.
Qh4 b5 28. a4 a6 29. axb5 axb5 30. Ra1 Qb6 31. Qf4 Kb7 32. Qf3+ R3d5 33. e4
fxe4 34. Qf8 Rd8 35. Qe7+ R8d7 36. Qxe4 Qg6 37. Qf3 Kb6 38. Ra8 Qf7 39. Qg4 Qg6
40. Rb8+ Kc7 41. Qf4+ Qd6 42. Qxd6+ R7xd6 43. Rxb5 Rb6 44. Rxb6 Kxb6 45. f4 1-0

[Event "XXVI Festival Conca della Presolana A"]
[Site "Bratto - Castione della Presolana ITA"]
[Date "2006.08.27"]
[Round "9"]
[White "Bresciani, Nicola"]
[Black "Astengo, Corrado"]
[Result "1/2-1/2"]
[WhiteElo "2290"]
[BlackElo "2119"]
[PlyCount "96"]
[EventDate "2006.08.19"]

1. e4 e6 2. d4 d5 3. Nd2 dxe4 4. Nxe4 Nd7 5. Nf3 Ngf6 6. Nxf6+ Nxf6 7. c3 c5 8.
Be3 cxd4 9. Bxd4 Be7 10. Bd3 Bd7 11. Ne5 Qc7 12. Qe2 a6 13. O-O Bc6 14. a4 O-O
15. a5 Rac8 16. Rfe1 Qd6 17. Qe3 h6 18. Qh3 Nd5 19. Re4 Bg5 20. g3 f5 21. Re2
Nb4 22. Bc4 Be4 23. f3 Bd5 24. Bxd5 Qxd5 25. Rae1 Nc6 26. Nxc6 Rxc6 27. f4 Bf6
28. Bxf6 Rxf6 29. Re5 Qd2 30. Qg2 Qxg2+ 31. Kxg2 g5 32. Rd1 Rc7 33. Kf3 Kf7 34.
Rd4 Ke7 35. Re3 g4+ 36. Ke2 Rf8 37. Red3 Kf6 38. Rd7 Rf7 39. Rd8 Rc5 40. b4 Rc6
41. Kd2 Rfc7 42. R8d7 Rxc3 43. Rxc7 Rxc7 44. Rd6 Ke7 45. Rb6 Rd7+ 46. Kc3 h5
47. Kc2 Rc7+ 48. Kd3 Rd7+ 1/2-1/2

[Event "XXVI Festival Conca della Presolana A"]
[Site "Bratto - Castione della Presolana ITA"]
[Date "2006.08.27"]
[Round "9"]
[White "Bruno, Fabio"]
[Black "Sautto, Daniele"]
[Result "1-0"]
[WhiteElo "2388"]
[BlackElo "2152"]
[PlyCount "57"]
[EventDate "2006.08.19"]

1. d4 Nf6 2. Nf3 e6 3. e3 Be7 4. Bd3 c5 5. O-O cxd4 6. exd4 b6 7. Qe2 Bb7 8. c3
d6 9. a4 O-O 10. Na3 Re8 11. a5 bxa5 12. Nc4 Nc6 13. Re1 Nd7 14. Qc2 Nf8 15.
Bf1 Ng6 16. Qa4 Bf8 17. d5 Nce5 18. Nfxe5 Nxe5 19. dxe6 Rxe6 20. Nxe5 Rxe5 21.
Rxe5 dxe5 22. Be3 Qf6 23. Qxa5 Be7 24. Qc7 Bd5 25. Rxa7 Re8 26. Ra6 Qf5 27. Ra1
Bf8 28. Rd1 Be4 29. Rd8 1-0

[Event "XXVI Festival Conca della Presolana A"]
[Site "Bratto - Castione della Presolana ITA"]
[Date "2006.08.27"]
[Round "9"]
[White "Burani, Eugenio"]
[Black "Ceccarini, Marco"]
[Result "1/2-1/2"]
[WhiteElo "2034"]
[BlackElo "2140"]
[PlyCount "101"]
[EventDate "2006.08.19"]

1. e4 e6 2. d4 d5 3. e5 c5 4. c3 Qb6 5. a3 Bd7 6. Nf3 Bb5 7. Bd3 Bxd3 8. Qxd3
c4 9. Qc2 Nc6 10. Nbd2 Nge7 11. b4 a5 12. Bb2 axb4 13. axb4 Rxa1+ 14. Bxa1 g6
15. Bb2 Bh6 16. O-O O-O 17. Ra1 f6 18. exf6 Rxf6 19. Ra8+ Rf8 20. Rxf8+ Kxf8
21. Qa4 Qa7 22. Qxa7 Nxa7 23. g4 Bf4 24. Nf1 Nb5 25. Ne3 Nc8 26. Ng2 Bh6 27. g5
Bg7 28. Nf4 Kf7 29. Ne2 Ncd6 30. Nd2 e5 31. dxe5 Bxe5 32. f4 Bg7 33. Kg2 Ke6
34. Kf3 Nf5 35. Ng3 Bxc3 36. Bxc3 Nxc3 37. Nxf5 Kxf5 38. Nf1 Na2 39. Ne3+ Ke6
40. Nc2 Nc3 41. Nd4+ Kd6 42. h4 Na4 43. Nb5+ Kc6 44. Nd4+ Kd7 45. f5 gxf5 46.
Nxf5 Ke6 47. Kf4 c3 48. Nd4+ Kd6 49. Nf5+ Ke6 50. Nd4+ Kd6 51. Nf5+ 1/2-1/2

[Event "XXVI Festival Conca della Presolana A"]
[Site "Bratto - Castione della Presolana ITA"]
[Date "2006.08.27"]
[Round "9"]
[White "Buratti, Marco"]
[Black "You Zi Chih, Stefano"]
[Result "0-1"]
[WhiteElo "2018"]
[BlackElo "2038"]
[PlyCount "78"]
[EventDate "2006.08.19"]

1. e4 e5 2. Nc3 Nf6 3. Bc4 Nxe4 4. Qh5 Nd6 5. Bb3 Nc6 6. f4 exf4 7. Nge2 Be7 8.
d4 g6 9. Qf3 O-O 10. Bxf4 Nf5 11. O-O-O Bf6 12. Nd5 d6 13. Nxf6+ Qxf6 14. Bh6
Re8 15. g4 Rxe2 16. Qxe2 Nxh6 17. Qe8+ Kg7 18. Rde1 Qd8 19. Rhf1 Qxe8 20. Rxe8
Rb8 21. h3 Bd7 22. Re4 f5 23. Ref4 Re8 24. c3 Re7 25. g5 Nf7 26. h4 Na5 27. d5
Ne5 28. Kd2 Bb5 29. Re1 Bc4 30. Rxe5 dxe5 31. Rxc4 Nxc4+ 32. Bxc4 Kf8 33. Ke3
h6 34. Be2 hxg5 35. hxg5 Rh7 36. c4 a5 37. c5 Ke7 38. Kd3 Rh4 39. Kc3 b6 0-1

[Event "XXVI Festival Conca della Presolana A"]
[Site "Bratto - Castione della Presolana ITA"]
[Date "2006.08.27"]
[Round "9"]
[White "Campomori, Bruno"]
[Black "Crippa, Gabriele"]
[Result "0-1"]
[WhiteElo "2025"]
[BlackElo "2078"]
[PlyCount "50"]
[EventDate "2006.08.19"]

1. e4 d6 2. d4 Nf6 3. Nc3 e5 4. Nge2 Be7 5. h3 a6 6. a4 Nbd7 7. Ng3 O-O 8. Be3
b6 9. d5 Nxe4 10. Ncxe4 f5 11. Nxf5 Rxf5 12. Bd3 Nf8 13. h4 Bxh4 14. Ng3 Bxg3
15. fxg3 e4 16. Bxe4 Qe7 17. Qd3 Re5 18. Bxh7+ Kf7 19. Kd2 Nxh7 20. Rxh7 Bf5
21. Rf1 Kg6 22. Rxf5 Rxf5 23. Rh5 Kxh5 24. Qxf5+ g5 25. Bxg5 Qxg5+ 0-1

[Event "XXVI Festival Conca della Presolana A"]
[Site "Bratto - Castione della Presolana ITA"]
[Date "2006.08.27"]
[Round "9"]
[White "Costantini, Roberto"]
[Black "Guanciale, Orazio"]
[Result "1-0"]
[WhiteElo "2293"]
[BlackElo "2156"]
[PlyCount "65"]
[EventDate "2006.08.19"]

1. e4 e6 2. d4 d5 3. Nc3 Bb4 4. e5 c5 5. a3 Bxc3+ 6. bxc3 Ne7 7. h4 Nbc6 8. h5
Qa5 9. Bd2 Qa4 10. Nf3 h6 11. Qb1 c4 12. g3 Bd7 13. Bh3 O-O-O 14. O-O Rdf8 15.
Re1 g5 16. Nh2 f5 17. exf6 Rxf6 18. Re2 Nf5 19. Qe1 Re8 20. Ra2 Rff8 21. Ng4
Qa5 22. a4 Qd8 23. Bc1 Rh8 24. a5 Qe7 25. Ba3 Qf7 26. Kg2 Ng7 27. Bd6 Nxh5 28.
a6 b6 29. Rb2 Nf4+ 30. gxf4 h5 31. Qb1 e5 32. Rxb6 axb6 33. Qxb6 1-0

[Event "XXVI Festival Conca della Presolana A"]
[Site "Bratto - Castione della Presolana ITA"]
[Date "2006.08.27"]
[Round "9"]
[White "De Nardi, Riccardo"]
[Black "Carosso, Andrea"]
[Result "1/2-1/2"]
[WhiteElo "1973"]
[BlackElo "2050"]
[PlyCount "37"]
[EventDate "2006.08.19"]

1. e4 c6 2. d4 d5 3. Nc3 dxe4 4. Nxe4 Nd7 5. Bc4 Ngf6 6. Nxf6+ Nxf6 7. Nf3 Bf5
8. Bf4 e6 9. Qe2 Bd6 10. Bg3 O-O 11. O-O-O Bg4 12. h3 Bh5 13. Bxd6 Qxd6 14. Bd3
Bxf3 15. Qxf3 Qd5 16. Qxd5 cxd5 17. c3 Rab8 18. Rhe1 b5 19. Kc2 1/2-1/2

[Event "XXVI Festival Conca della Presolana A"]
[Site "Bratto - Castione della Presolana ITA"]
[Date "2006.08.27"]
[Round "9"]
[White "Di Donato, Giovanni"]
[Black "Meng, Jean-Philippe"]
[Result "1-0"]
[WhiteElo "1951"]
[BlackElo "2058"]
[PlyCount "122"]
[EventDate "2006.08.19"]

1. e4 Nc6 2. Bc4 e6 3. Nc3 Bc5 4. Nf3 Qf6 5. O-O a6 6. Ne2 e5 7. c3 Bb6 8. d4
d6 9. Bg5 Qg6 10. Qd2 h6 11. Be3 Nf6 12. Ng3 Nxe4 13. Nxe4 Qxe4 14. Bd3 Qg4 15.
dxe5 dxe5 16. Bxb6 cxb6 17. Rfe1 O-O 18. Nxe5 Nxe5 19. Rxe5 Be6 20. Qe3 Rad8
21. a3 Rd5 22. Re1 Rfd8 23. Rxd5 Rxd5 24. Be2 Qa4 25. Qxb6 Qc2 26. Bf3 Qd2 27.
Qe3 Qxe3 28. fxe3 Rb5 29. Re2 Kf8 30. Rd2 Ke7 31. Kf2 a5 32. b4 b6 33. Rc2 Bc4
34. Be2 Rf5+ 35. Ke1 Be6 36. Bg4 Re5 37. Bxe6 Rxe3+ 38. Kd2 Rxe6 39. Rb2 Rd6+
40. Ke3 Ke6 41. bxa5 bxa5 42. c4 Rc6 43. Kd4 Rd6+ 44. Kc5 Rd3 45. a4 f5 46. Kb5
Rc3 47. Rd2 f4 48. c5 g5 49. Rd6+ Ke5 50. Rxh6 g4 51. Rh8 Kd4 52. c6 Ke3 53. h4
Kf2 54. Rf8 f3 55. gxf3 g3 56. h5 g2 57. Rg8 Rxf3 58. c7 Rc3 59. Kb6 Rg3 60.
c8=Q g1=Q 61. Qc5+ Kf1 1-0

[Event "XXVI Festival Conca della Presolana A"]
[Site "Bratto - Castione della Presolana ITA"]
[Date "2006.08.27"]
[Round "9"]
[White "Di Lascio, Savino"]
[Black "Saccani, Ettore"]
[Result "1-0"]
[WhiteElo "2048"]
[BlackElo "1940"]
[PlyCount "81"]
[EventDate "2006.08.19"]

1. Nf3 Nf6 2. g3 g6 3. Bg2 Bg7 4. O-O O-O 5. d3 d6 6. e4 c5 7. c3 Nc6 8. Qe2
Ng4 9. h3 Nge5 10. Nh2 f5 11. f4 Nf7 12. exf5 Bxf5 13. Nd2 Qc7 14. g4 Bd7 15.
Nc4 Rae8 16. Bd2 e6 17. Rae1 a5 18. Kh1 b5 19. Ne3 Nb8 20. h4 Bc6 21. Nf3 Nh6
22. g5 Nf5 23. Qf2 Nd7 24. Ng4 Rf7 25. Rg1 Rfe7 26. h5 Qb7 27. Kh2 Nf8 28. Nh4
Rf7 29. Nxf5 gxf5 30. Bxc6 Qxc6 31. Nf6+ Bxf6 32. gxf6+ Kh8 33. Qg3 Nd7 34.
Rxe6 Ref8 35. h6 Qd5 36. Rge1 Rg8 37. Re8 Rff8 38. Rxf8 Nxf8 39. Qg7+ Rxg7 40.
fxg7+ Kg8 41. Re8 1-0

[Event "XXVI Festival Conca della Presolana A"]
[Site "Bratto - Castione della Presolana ITA"]
[Date "2006.08.27"]
[Round "9"]
[White "Djabri, Katherine"]
[Black "Ruggeri, Pietro"]
[Result "1/2-1/2"]
[WhiteElo "2009"]
[BlackElo "2123"]
[PlyCount "31"]
[EventDate "2006.08.19"]

1. e4 c5 2. c3 Nf6 3. e5 Nd5 4. d4 cxd4 5. cxd4 e6 6. a3 b6 7. Nf3 Be7 8. Bd3
Ba6 9. O-O Bxd3 10. Qxd3 Nc6 11. Nc3 Nxc3 12. Qxc3 Rc8 13. Qd3 O-O 14. d5 exd5
15. Qxd5 d6 16. e6 1/2-1/2

[Event "XXVI Festival Conca della Presolana A"]
[Site "Bratto - Castione della Presolana ITA"]
[Date "2006.08.27"]
[Round "9"]
[White "Drazic, Sinisa"]
[Black "Lucaroni, Massimiliano"]
[Result "1-0"]
[WhiteElo "2514"]
[BlackElo "2293"]
[PlyCount "59"]
[EventDate "2006.08.19"]

1. d4 d5 2. Bg5 h6 3. Bh4 c6 4. e3 Bf5 5. Nf3 Nd7 6. Bd3 Bxd3 7. Qxd3 Ngf6 8.
Nbd2 e6 9. O-O Be7 10. c4 O-O 11. Rac1 Re8 12. Rc2 Qb6 13. Rfc1 Qa6 14. Qb3
Rad8 15. h3 Nh5 16. Bxe7 Rxe7 17. Rc3 dxc4 18. Qb4 Ree8 19. Nxc4 Nb8 20. Ra3
Qb5 21. Qc3 Nf6 22. Ra5 Nd5 23. Qc2 Qb4 24. Rc5 b5 25. a3 Qa4 26. Qxa4 bxa4 27.
Ra5 Re7 28. Rxa4 Rb7 29. Nfe5 Nb6 30. Nxb6 1-0